Normal view
MARC view
- Ricaplaza, Wneliz Joy.
Entry Personal Name
001 - CONTROL NUMBER
- control field: 57415
003 - CONTROL NUMBER IDENTIFIER
- control field: OSt
005 - DATE AND TIME OF LATEST TRANSACTION
- control field: 20240809162339.0
008 - FIXED-LENGTH DATA ELEMENTS
- fixed length control field: 240809|| aca||aabn | a|a d
040 ## - CATALOGING SOURCE
- Original cataloging agency: OSt
- Transcribing agency: OSt
100 ## - HEADING--PERSONAL NAME
- Personal name: Ricaplaza, Wneliz Joy.
670 ## - SOURCE DATA FOUND
- Source citation: Work cat.: (OSt): Ricaplaza, Wneliz Joy., Interpersonal communication during pandemic :, May 2023.
